| Tag |
First Indicator |
Second Indicator |
Subfields |
| LEADER |
00000cam a2200000 4500 |
| 001 |
in00000058736 |
| 005 |
20151008050454.0 |
| 008 |
800430s1919 nyu 00010 eng |
| 010 |
|
|
|a 19016466
|
| 035 |
|
|
|a (OCoLC)06265279
|
| 035 |
|
|
|9 AAG1235AM
|
| 040 |
|
|
|a DLC
|c TXA
|d UtOrBLW
|
| 049 |
|
|
|a TXAM
|c [13823]
|
| 050 |
|
0 |
|a JC311
|b .O2
|
| 092 |
|
|
|a 320.12
|b O11
|
| 100 |
1 |
|
|a Oakesmith, John.
|
| 245 |
1 |
0 |
|a Race & nationality :
|b an inquiry into the origin and growth of patriotism /
|c by John Oakesmith ...
|
| 264 |
|
1 |
|a New York :
|b Frederick A. Stokes company,
|c [1919]
|
| 300 |
|
|
|a xix, 299 pages, 1 unnumbered page ;
|c 23 cm.
|
| 336 |
|
|
|a text
|b txt
|2 rdacontent
|
| 337 |
|
|
|a unmediated
|b n
|2 rdamedia
|
| 338 |
|
|
|a volume
|b nc
|2 rdacarrier
|
| 500 |
|
|
|a Printed in Great Britain.
|
| 650 |
|
0 |
|a Nationalism.
|
| 999 |
|
|
|a MARS
|
| 999 |
f |
f |
|s e6ffef44-6826-3a6f-b375-d3a3f2ecbd6f
|i 4ba36abe-c3a6-3c25-9350-b95cbe49dc45
|t 0
|
| 952 |
f |
f |
|p ric
|a Texas A&M University
|b Rellis Campus
|c Joint Library Facility
|d Remote Storage
|t 0
|e JC311 .O2
|h Library of Congress classification
|i unmediated -- volume
|m A14800657985
|
| 998 |
f |
f |
|a JC311 .O2
|t 0
|l Remote Storage
|